000 00626nam a2200241Ia 4500
003 OSt
005 20221007110652.0
006 a|||||r|||| 00| 0
007 ta
008 221006b |||||||| |||| 00| 0 eng d
024 _a21,587
037 _cTextual
040 _aLCO
_cLCO
_beng
041 _2eng
_aeng
082 _aX:97D, M6
100 _aGaur G.L.
245 0 _aTrade Unionism and Industrial Relations
260 _aNew
_bDelhi Deep & Deep Publications India
_c1986
300 _a240
650 _aINDUSTRIAL RELATIONS
942 _hX:97D, M6
_cTEXL
999 _c1191150
_d1191150